Statistics for Fossil Pokemon

Click here to take the quiz!

General Stats

  • This quiz has been taken 73 times
    (67 since last reset)
  • The average score is 15 of 21

Answer Stats

Answer% Correct
Kabuto
96%
Kabutops
95%
Omastar
93%
Aerodactyl
91%
Omanyte
91%
Armaldo
78%
Bastiodon
78%
Lileep
76%
Shieldon
76%
Cradily
75%
Anorith
73%
Archen
73%
Rampardos
71%
Tyrunt
69%
Archeops
67%
Tyrantrum
67%
Amaura
65%
Aurorus
62%
Tirtouga
62%
Carracosta
58%
Crandos
18%

Score Distribution

Percentile by Number Answered

Percent of People with Each Score

Your Score History

You have not taken this quiz since the last reset